Perasmian Majlis Pesta Sukan JPPH [ 10 - 12 June 1994
| Corporate Author: | |
|---|---|
| Format: | Book |
| Published: |
Bangi :
Institut Penilaian Negara ,
1994
|
MARC
| LEADER | 00000cam a2200000 7i4500 | ||
|---|---|---|---|
| 001 | 0000005048 | ||
| 005 | 20090712.0 | ||
| 008 | 090712 my v | ||
| 040 | |a INS | ||
| 090 | 0 | 0 | |a VCD 1558 |
| 245 | 0 | 0 | |a Perasmian Majlis Pesta Sukan JPPH [ |h cakera video] : |b 10 - 12 June 1994 |
| 260 | |a Bangi : |b Institut Penilaian Negara , |c 1994 | ||
| 300 | |a 1 cakera video (52 min.) : |b bny., wrn. ; |c 4 3/4 in. | ||
| 500 | |a Juga terdapat dalam format VHS 503 | ||
| 710 | 1 | |a Institut Penilaian Negara | |
| 999 | |a VCD0001558 |b DIGITAL VIDEO CD |c Media Collection |e Default branch | ||